Welcome to CU Library Online Public Access Catalogue (OPAC)

Caring for your aging parents : (Record no. 7425)

MARC details
000 -LEADER
fixed length control field 00970cam a2200277 a 4500
001 - CONTROL NUMBER
control field 3874058
005 - DATE AND TIME OF LATEST TRANSACTION
control field 20250901161454.0
008 - FIXED-LENGTH DATA ELEMENTS--GENERAL INFORMATION
fixed length control field 930422s1989 coua b 001 0 eng d
020 ## - INTERNATIONAL STANDARD BOOK NUMBER
International Standard Book Number 0891095780
020 ## - INTERNATIONAL STANDARD BOOK NUMBER
International Standard Book Number 9780891095781
050 00 - LIBRARY OF CONGRESS CALL NUMBER
Classification number MLCM 93/02160 (H)
082 04 - DEWEY DECIMAL CLASSIFICATION NUMBER
Classification number 362.61
100 1# - MAIN ENTRY--PERSONAL NAME
Personal name Deane, Barbara.
245 10 - TITLE STATEMENT
Title Caring for your aging parents :
Remainder of title when love is not enough /
Statement of responsibility, etc. Barbara Deane.
260 ## - PUBLICATION, DISTRIBUTION, ETC.
Place of publication, distribution, etc. Colorado Springs, Colo. :
Name of publisher, distributor, etc. NavPress,
Date of publication, distribution, etc. c1989.
300 ## - PHYSICAL DESCRIPTION
Extent 276 p. :
Other physical details ill. ;
Dimensions 23 cm.
500 ## - GENERAL NOTE
General note Includes index.
650 #0 - SUBJECT ADDED ENTRY--TOPICAL TERM
Topical term or geographic name entry element Aging parents
General subdivision Care
-- Religious aspects
-- Christianity..
650 #0 - SUBJECT ADDED ENTRY--TOPICAL TERM
Topical term or geographic name entry element Older people
General subdivision Care.
650 #0 - SUBJECT ADDED ENTRY--TOPICAL TERM
Topical term or geographic name entry element Older people
General subdivision Home care.
650 #2 - SUBJECT ADDED ENTRY--TOPICAL TERM
Topical term or geographic name entry element Aged.
650 #2 - SUBJECT ADDED ENTRY--TOPICAL TERM
Topical term or geographic name entry element Home nursing.
856 42 - ELECTRONIC LOCATION AND ACCESS
Materials specified Publisher description
Uniform Resource Identifier <a href="http://www.loc.gov/catdir/enhancements/fy0908/89062760-d.html">http://www.loc.gov/catdir/enhancements/fy0908/89062760-d.html</a>
856 42 - ELECTRONIC LOCATION AND ACCESS
Materials specified Contributor biographical information
Uniform Resource Identifier <a href="http://www.loc.gov/catdir/enhancements/fy1206/89062760-b.html">http://www.loc.gov/catdir/enhancements/fy1206/89062760-b.html</a>
942 ## - ADDED ENTRY ELEMENTS (KOHA)
Source of classification or shelving scheme Library of Congress Classification
Koha item type Books
Suppress in OPAC No
999 ## -
-- 7425
-- 7425
Holdings
Withdrawn status Lost status Source of classification or shelving scheme Damaged status Not for loan Collection Home library Current library Shelving location Date acquired Total checkouts Full call number Barcode Date last seen Copy number Price effective from Koha item type
    Library of Congress Classification     Non-fiction Undergraduate Library (Christ Temple) Undergraduate Library (Christ Temple) General stacks 09/01/2025   HQ1063.6 DEA ulct00004571 09/01/2025 1 09/01/2025 Books
© 2023-2024 Copyright: Central University Libraries. All Rights Reserved | Created by: Mahone Tech Office